000 00646nam a22002057a 4500
008 130311t xxu||||| |||| 00| 0 eng d
020 _a9-7801-9928-6577
082 _222 ed.
_a346.03
_b DEA
100 _aDeakin,Simon
_97112
245 _aMarkesinis and Deakin's Tort law /
_cSimon Deakin,Angus Johnston and Basil Markesinis
250 _a6 ed.
260 _aUSA :
_bOxford University press
_c2008
300 _ac, 1056 P. ;
_c24 cm.
500 _aIncludes Index
650 _aTorts
_96845
650 _aMarkesinis and Deakin's Tort law
_97113
700 _a Johnston, Angus
_97114
700 _aMarkesinis, Basil
_97115
942 _2ddc
_cBK
999 _c5341
_d5341